=LDR 00000nam 2200000 4500 =001 INLIS000000000032187 =005 20130612134215 =008 ***********************************ind** =035 ##$$0010-061300000032187 =041 ##$$a ind =082 ##$$a 423.1 =090 ##$$a 423.1, Mei k =100 ##$$a MEIDAR =245 ##$$a Kamus lengkap 20 juta, Edisi terbaru Inggris - Indonesia, Indonesia - Inggris untuk SMP, SMA dan umu dengan cara membacanya, Meidar, Siti Nurhayati =260 ##$$a 1994 $b Surabaya =300 ##$$a 676 hlm, illus, 19 cm =650 ##$$a Bahasa Inggris - Indonesia - Kamus =700 ##$$a Nurhayati, Siti =850 ##$$a NBPNMAT